Alargamiento de la juventud e identidad: un estudio de los procesos de transición a la vida adulta de jóvenes en Brasil y España (Record no. 170930)
[ view plain ]
| 000 -CABECERA | |
|---|---|
| campo de control de longitud fija | 02138nab a2200301 a 4500 |
| 005 - FECHA Y HORA DE LA ÚLTIMA TRANSACCIÓN | |
| campo de control | 20210219162148.0 |
| 008 - ELEMENTOS DE LONGITUD FIJA--INFORMACIÓN GENERAL | |
| campo de control de longitud fija | 991125s1985 mx 000 0 spa u |
| 035 ## - NÚMERO DE CONTROL DEL SISTEMA | |
| Número de control de sistema | UPN01000198829 |
| 049 ## - COLECCIÓN | |
| Colección | ART-E |
| 100 1# - ASIENTO PRINCIPAL--NOMBRE PERSONAL | |
| Nombre de persona | Nascimento Coelho, Raquel |
| 100 1# - ASIENTO PRINCIPAL--NOMBRE PERSONAL | |
| Filiación | raquel_coelho@hotmail.com |
| 100 1# - ASIENTO PRINCIPAL--NOMBRE PERSONAL | |
| Nombre de persona | Álvaro Estramiana, José Luis |
| 222 ## - TÍTULO CLAVE | |
| Título clave | ATHENEA DIGITAL : REVISTA DE PENSAMIENTO E INVESTIGACION SOCIAL |
| 245 ## - MENCIÓN DE TÍTULO | |
| Título | Alargamiento de la juventud e identidad: un estudio de los procesos de transición a la vida adulta de jóvenes en Brasil y España |
| 260 ## - PUBLICACIÓN, DISTRIBUCIÓN, ETC. | |
| Lugar de publicación, distribución, etc. | España |
| 300 ## - DESCRIPCIÓN FÍSICA | |
| Extensión | 21-37 |
| 362 0# - FECHAS DE PUBLICACIÓN Y/O DESIGNACIÓN SECUENCIAL | |
| Fecha de publicación y/o designación secuencial | 2014 Vol. 14, no. 2 |
| 336 ## - TIPO DE CONTENIDO | |
| Término de tipo de contenido | texto$2rdacontent |
| 337 ## - TIPO DE MEDIO | |
| Nombre/término del tipo de medio | computadora$2rdamedia |
| 338 ## - TIPO DE SOPORTE | |
| Nombre/término del tipo de soporte | recurso en linea$2rdacarrier |
| 520 3# - NOTA DE RESUMEN, ETC. | |
| Sumario, etc. | En este artículo investigamos la relación entre el alargamiento de la juventud en los jóvenes brasileños y españoles y los procesos de construcción de la identidad de estos individuos. Realizamos entrevistas semi-estructuradas con 50 hombres y mujeres jóvenes de 25 a 29 años, la mitad de ellos procedentes de Madrid/España y la otra mitad de Fortaleza/Brasil. Las entrevistas fueron grabadas y transcritas, los discursos fueron organizados con el programa Atlas-ti y analizados a través de un análisis de contenido semántico. Asumimos que el aplazamiento de los umbrales de transición a la edad adulta conduce a nuevas experiencias, discursos y significados de "ser joven", creando un nuevo modelo típico-ideal de la "juventud prolongada" y convirtiéndola en una posibilidad de identificación para un grupo significativo de jóvenes. En España, el alargamiento de la juvenil es un fenómeno mucho más marcado y evidente que en Brasil. Sin embargo, el movimiento hacia un alargamiento de la juventud, especialmente en relación a la "sensación de ser joven por más tiempo" es también una tendencia entre los jóvenes brasileños. |
| 653 0# - TERMINO DE INDIZACION - NO CONTROLADO | |
| Término no controlado | IDENTIDAD JUVENIL |
| 653 0# - TERMINO DE INDIZACION - NO CONTROLADO | |
| Término no controlado | JUVENTUD |
| 653 0# - TERMINO DE INDIZACION - NO CONTROLADO | |
| Término no controlado | VIDA ADULTA |
| 856 4# - LOCALIZACIÓN Y ACCESO ELECTRÓNICOS | |
| Identificador Uniforme del Recurso | <a href="http://atheneadigital.net/article/view/v14-n2-nascimento/pdf">http://atheneadigital.net/article/view/v14-n2-nascimento/pdf</a> |
| 905 ## - TIPO DE MATERIAL | |
| Tipo de material | Articulo |
No items available.
